| 000 | 00768cam a2200241 4500 | ||
|---|---|---|---|
| 001 | i9780091285005 | ||
| 008 | 071126s1977 xxka f 00 0beng | ||
| 020 | _a0091285003 | ||
| 035 | _a(Sirsi) u31597 | ||
| 041 | _aeng | ||
| 050 | _a920 $2 18 | ||
| 100 | _aFriendly, Alfred | ||
| 245 | 0 | 0 |
_aBeaufort of the Admiralty _bthe life of Sir Francis Beaufort 1774-1857 |
| 260 |
_aLondon _bHutchinson _c1977 |
||
| 300 |
_a362p., 8p. of plates _bill. _c24cm. |
||
| 350 | _a7.50 | ||
| 520 | _aBiography of the hydrographer Sir Francis Beaufort. | ||
| 600 | 1 | 4 |
_aBeaufort, Francis _d1774-1857 |
| 651 | 4 |
_aUnited Kingdom _y |
|
| 690 | _aENVIRONMENTAL AND LAND CONSULTANCY-GEOMATICS-HYDROGRAPHIC SURVEYING-HYDROGRAPHIC SURVEYORS | ||
| 942 | _n0 | ||
| 948 | _c04/03/1997 | ||
| 999 |
_c89607 _d89607 |
||